History Quiz

Random History or Politics Quiz

Living Presidential Nominees Quiz Stats

 Plays Quiz Updated Dec 1, 2018

Challenge
Share
Tweet
Embed
Score 0/12 Timer 02:00
2 Plays Today
% Correct
Hillary Clinton
98.2%
George W. Bush
96.7%
Bill Clinton
96.4%
Barack Obama
92.1%
Jimmy Carter
91.6%
Al Gore
89.3%
Mitt Romney
84.4%
John Kerry
82.1%
Bob Dole
75.1%
Michael Dukakis
65%
Walter Mondale
59.4%
Donald Trump
42.3%

You're not logged in!

Compare scores with friends on all Sporcle quizzes.
OR
Log In

You Might Also Like...

Show Comments

Extras

Top Quizzes Today


Score Distribution

Your Account Isn't Verified!

In order to create a playlist on Sporcle, you need to verify the email address you used during registration. Go to your Sporcle Settings to finish the process.

Report this User

Report this user for behavior that violates our Community Guidelines.

Details: